Músicos, poetas y actores (Record no. 154832)

MARC details
000 -LEADER
campo de control de longitud fija 01262nam a2200265 i 4500
001 - NÚMERO DE CONTROL
campo de control 154832
003 - IDENTIFICADOR DE NÚMERO DE CONTROL
campo de control ES-MaACL
005 - FECHA Y HORA DE LA ÚLTIMA TRANSACCIÓN
campo de control 20230906205852.0
008 - DATOS DE LONGITUD FIJA--INFORMACIÓN GENERAL
campo de control de longitud fija 980113s1884 sp |||| |dspa d
080 ## - NÚMERO DE LA CLASIFICACIÓN DECIMAL UNIVERSAL
Número de la Clasificación Decimal Universal 929(460)"19":78
080 ## - NÚMERO DE LA CLASIFICACIÓN DECIMAL UNIVERSAL
Número de la Clasificación Decimal Universal 929(460)"19":792.071.2
080 ## - NÚMERO DE LA CLASIFICACIÓN DECIMAL UNIVERSAL
Número de la Clasificación Decimal Universal 929(460)"19":82-1
100 1# - ENTRADA PRINCIPAL--NOMBRE DE PERSONA
Nombre de persona Guaza y Gómez-Talavera, Carlos.
9 (RLIN) 127595
245 10 - MENCIÓN DEL TÍTULO
Título Músicos, poetas y actores
Resto del título : colección de estudios crítico-biográficos de Salinas, Morales, Victoria, Eslava, Ledesma, Masarnau, García Gutiérrez, Hartzenbusch, Ayala, Maíquez, La Torre y Roméa /
Mención de responsabilidad, etc. por Carlos Guaza y Gómez-Talavera y Antonio Guerra y Alarcón.
260 ## - PUBLICACIÓN, DISTRIBUCIÓN, ETC.
Lugar de publicación, distribución, etc. Madrid :
Nombre del editor, distribuidor, etc. [s.n.],
Fecha de publicación, distribución, etc. 1884 (
Fabricante Imp. de F. Maroto e Hijos)
300 ## - DESCRIPCIÓN FÍSICA
Extensión 283 p. ;
Dimensiones 23 cm.
530 ## - NOTA DISPONIBLE DE FORMULARIO FÍSICO ADICIONAL
Nota de formato físico adicional disponible Disponible en formato digital.
594 ## - Nota al título y mención de responsabilidad
Nota al título y mención de responsabilidad Precede al tít., en cub.: Biblioteca artística.
650 #4 - PUNTO DE ACCESO ADICIONAL DE MATERIA--TÉRMINO DE MATERIA
Término de materia o nombre geográfico como elemento de entrada Músicos-
Subdivisión geográfica España.
9 (RLIN) 145555
650 #4 - PUNTO DE ACCESO ADICIONAL DE MATERIA--TÉRMINO DE MATERIA
Término de materia o nombre geográfico como elemento de entrada Poetas españoles-
Subdivisión cronológica S.XIX.
9 (RLIN) 163280
650 #4 - PUNTO DE ACCESO ADICIONAL DE MATERIA--TÉRMINO DE MATERIA
Término de materia o nombre geográfico como elemento de entrada Actores-
Subdivisión geográfica España-
Subdivisión cronológica S.XIX.
9 (RLIN) 145556
700 1# - ENTRADA AGREGADA--NOMBRE PERSONAL
Nombre de persona Guerra y Alarcón, Antonio.
9 (RLIN) 127603
852 ## - LOCALIZACIÓN
Ubicación ES-MaACL
Número de control de estantería F-12339
Nota libre - Enc. hol., conservando cub. original
Encuadernación - Posible duplicado del CCPB000290414-4
856 ## - LOCALIZACIÓN Y ACCESO ELECTRÓNICOS
Identificador Uniforme de Recursos <a href="http://bdh-rd.bne.es/viewer.vm?id=0000092013&page=1 ">http://bdh-rd.bne.es/viewer.vm?id=0000092013&page=1 </a>
Nota pública Biblioteca Digital Hispánica
Holdings
Estatus retirado Estado de pérdida Estado de daño No para préstamo Colección Biblioteca de origen Biblioteca actual Ubicación en estantería Fecha de adquisición Fuente de adquisición Total de préstamos Signatura topográfica completa Código de barras Visto por última vez Precio de reemplazo Tipo de ítem Koha
        Colección digital Biblioteca del Ateneo de Madrid Biblioteca del Ateneo de Madrid Sala Pecera Planta 2 17/01/2008     F-12339 1161950 23/02/2023 23/02/2023 Libro impreso antiguo